00672nam a2200169Ia 4500001001000000003000500010008004100015010001100056040000900067100003100076245010700107260008300214300001000297440002700307650005000334710011800384Para_2953CHAP220125s1983 xx 000 0 und d a201493 cCHAP aMedina Esparza, J. Jesús aGuía para producir sandía en los suelos pedregosos de Yucatán /c por J. Jesús Medina Esparza aMérida, Yuc. :b INIA. Campo Agrícola Experimental de la Zona Henequenera a21 p. aFolleto productores; 3 aSandía x Yucatán Sandía x Variedades aInstituto Nacional de Investigaciones Agrícolas. México. Campo Agrícola Experimental de la zona Henequenera